000
00216 a2200097 4500
001
46272
100
_a
Hava, J
245
_a
Arabic- English dictionary
260
_a
Beirut
_b
Catholic Press
_c
090
_c
29379
_d
29379
942
_a
NUST-CAE
_c
M
_c
21534
999
_c
281345
_d
281345